=LDR 00000nam 2200000 4500 =001 INLIS000000000034189 =005 20130612140113 =008 ***********************************ind** =035 ##$$0010-061300000034189 =041 ##$$a ind =082 ##$$a 813 =090 ##$$a 813, Alz =100 ##$$a ALZEYRA, Bintang =245 ##$$a Bule, emping dan tempe bacem, Bintang Alzeyra ; editor, Bintang Alzeyra dan Joe =260 ##$$a 2008 $b Jakarta =300 ##$$a 193 hlm, ilus, 19 cm =650 ##$$a Fiksi Indonesia =700 ##$$a Alzeyr, bINTANG =850 ##$$a NBPNMAT